A laboratory outline of general chemistry /

Saved in:
Bibliographic Details
Main Author: Smith, Alexander, 1865-1922
Other Authors: Hale, William J. (William Jay), b. 1876
Format: Book
Language:English
Published: London : New York : George Bell ; Century, 1907.
Edition:3rd ed. /
Subjects:
LEADER 00937nam a2200229 a 4500
001 c000109994
003 CARM
005 00000000000000.0
008 990323s1907 enka 00000 eng d
019 1 |a 14517393  |5 LACONCORD2021 
035 |a (OCoLC)222389017  |5 LACONCORD2021 
040 |a VU  |c VU 
100 1 |a Smith, Alexander,  |d 1865-1922. 
245 1 2 |a A laboratory outline of general chemistry /  |c by Alexander Smith. 
250 |a 3rd ed. /  |b revised in collaboration with William J. Hale. 
260 |a London :  |b George Bell ;  |a New York :  |b Century,  |c 1907. 
300 |a ix, 136 p. :  |b ill. ;  |c 19 cm. 
650 0 |a Chemistry  |x Laboratory manuals. 
700 1 |a Hale, William J.  |q (William Jay),  |d b. 1876. 
852 8 |b CARM  |h A2:AN08A0  |i A02659  |p 0127335  |f BK 
999 f f |i 36b5295b-5fac-5f67-8bfb-be3d73599e4e  |s d78c5dd6-260e-5463-b540-2d579b4bc2aa 
952 f f |p Can circulate  |a CAVAL  |b CAVAL  |c CAVAL  |d CARM 1 Store  |e A02659  |f A2:AN08A0  |h Other scheme  |i book  |m 0127335